| 000 | 01964cam a2200409 i 4500 | ||
|---|---|---|---|
| 001 | 120425 | ||
| 003 | BJBSDDR | ||
| 005 | 20241023150357.0 | ||
| 007 | ta | ||
| 008 | 241018s2019 fr a 000 0 fre | ||
| 020 | _a9782247186648 | ||
| 020 | _a9782247186617 | ||
| 020 | _a2247186645 | ||
| 020 | _a2247186610 | ||
| 040 |
_aBJBSDDR _bspa _cBJBSDDR |
||
| 041 | _afre | ||
| 050 | 1 | 4 |
_aKJV 7974 _bC669 2019 |
| 245 | 0 | 0 |
_aCode Pénal : _bannoté / _cAnnotations de jurisprudence et bibliographie par Yves Mayaud. |
| 250 | _a117e édition. | ||
| 260 |
_aParis : _bDalloz, _c2019. |
||
| 300 |
_aXXXI-3024 pages ; _c20 cm. |
||
| 440 | 0 | _aPetits codes Dalloz. | |
| 520 | _aLa 4e de couverture indique : "Le Code pénal Dalloz 2020 est notamment à jour : de la loi du 10 avril 2019 de maintien de l'ordre lors des manifestations ; de la loi du 23 mars 2019 de programmation 2018-2022 et de réforme pour la justice ; de la loi du 22 décembre 2018 de lutte contre la manipulation de l'information ; de l'ordonnance du 12 décembre 2018 sur la protection des données personnelles ; de la loi du 23 octobre 2018 de lutte contre la fraude. En outre les annotations jurisprudentielles du livre III du code relatif aux crimes et délits contre les biens et celles de la loi du 29 juillet 1881 sur la liberté de la presse sont intégralement refondues." | ||
| 650 | 0 |
_aDroit pénal _zFrance _xCodes. |
|
| 650 | 4 |
_aDerecho penal _zFrancia _xCódigos _94952 |
|
| 650 | 0 | _aDe la Responsabilité Pénale. | |
| 650 | 0 | _aDes Crimes et contre les Personnes. | |
| 650 | 0 | _aDes Crimes et délits contre les Biens. | |
| 650 | 0 | _aDes Crimes et Délits contre la Nation, l'état et la Paix Publique. | |
| 650 | 0 | _aDes Crimes et Des Délits de Guerre. | |
| 650 | 4 | _aIDEF | |
| 650 | 4 | _aInstitut International du droit d'exopression et d'inspiration françaises | |
| 700 | 1 | _aMayaud, Yves. | |
| 700 | 1 | _aGayet, Carole | |
| 942 |
_2lcc _cBK _n0 |
||
| 946 | _almd | ||
| 999 |
_c122272 _d122272 |
||